• 首页
  • 本馆介绍
  • 公告通知
  • 最新文献
  • 馆藏检索
  • 电子资源
  • 读者导购
  • 参考咨询
  • 我的图书馆
  • 登录
  • 详细信息显示
  • 放入我的书架
  • 预约/预借图书
  • 作者相关作品
  • 分类相关作品
  • 丛书相关作品
  • 出版社相关作品

书目信息

  • 表格格式
  • 工作单格式
  • 卡片格式
题名:
屯田史话
    
 
作者: 张印栋 著
分册:  
出版信息: 北京   中国大百科全书出版社  2000
页数: 170页
开本: 19cm
丛书名: 中华文明史话
单 册:
中图分类: F329.02 , Z1
科图分类:
主题词: 屯田--农业史--中国--古代 , 丛书
电子资源:
ISBN: 7-5000-6264-8
000 00834oam2 2200265 450
001 1537192010
005 20151110162040.15
010    @a7-5000-6264-8@dCNY10.00
100    @a20001009d2000 em y0chiy0110 ea
101 0  @achi
102    @aCN@b110000
105    @ay z 000yy
200 1  @a屯田史话@9tun tian shi hua@f张印栋[著]
210    @a北京@c中国大百科全书出版社@d2000
215    @a170页@d19cm
225 2  @a中华文明史话
330    @a本书记述了屯田的生产形式、在各代存在、发展的程度,以及作为中国古代社会经济和中央集权的政治体制发展的阶段产物。对开发边疆、促进民族融合起的重要作用。
461  0 @12001 @a中华文明史话
606 0  @a屯田@x农业史@y中国@z古代
606 0  @a丛书
690    @aF329.02@v5
690    @aZ1@v4
701  0 @a张印栋@9zhang yin dong@4著
801  0 @aCN@bTSSF@c20150115
905    @aZUCC@dZ1@eJY27:15
    
    屯田史话/张印栋[著].-北京:中国大百科全书出版社,2000
    170页;19cm.-(中华文明史话)
    
    
    ISBN 7-5000-6264-8:CNY10.00
    本书记述了屯田的生产形式、在各代存在、发展的程度,以及作为中国古代社会经济和中央集权的政治体制发展的阶段产物。对开发边疆、促进民族融合起的重要作用。
●
相关链接 在E读中查询图书 在五车中查询图书 在当当中查询图书 在豆瓣中查询图书


正题名:屯田史话     索取号:Z1/JY27:15         预约/预借

序号 登录号 条形码 馆藏地/架位号 状态 备注
1 7841366   278413664   学院路分馆/ [索取号:Z1/JY27:15] 在馆    
2 7841367   278413673   学院路分馆/ [索取号:Z1/JY27:15] 在馆    
3 7841368   278413682   学院路分馆/ [索取号:Z1/JY27:15] 在馆    
4 7841369   278413691   学院路分馆/ [索取号:Z1/JY27:15] 在馆    
唐山师范学院图书馆 欢迎您!
大连网信软件有限公司© 版权所有